000 00292nam a2200121 a 4500
005 20140414131908.0
008 101006s19uu xx 00 eng d
050 _aER
_bSk9 1984
100 _aAsch, Frank
245 _aSkyfire.
260 _aNew York :
_bScholastic ,
_c1984.
999 _c111045
_d111045